Statistics for Famous People who were Gangsters and Outlaws

Click here to take the quiz!

General Stats

  • This quiz has been taken 606 times
    (464 since last reset)
  • The average score is 7 of 14

Answer Stats

LivedDetailsPerson% Correct
1899-1947Sometimes known by the nickname "Scarface"Al Capone
92%
1909/1910-1934Couple who robbed banks togetherBonnie and Clyde
83%
1859-1881Old West gunfighter who fought in the Lincoln Country WarBilly the Kid
74%
1949-1993"The King of Cocaine" and wealthiest criminal in historyPablo Escobar
74%
1847-1882Bank and train robber with strong Southern sympathiesJesse James
56%
1908-1934Bank robber with a youthful appearanceBabyface Nelson
44%
1957-Drug lord who headed the Sinaloa CartelEl Chapo
44%
1903-1934Portrayed by Johnny Depp in Public EnemiesJohn Dillinger
43%
1940-2002Boss of the powerful Gambino crime familyJohn Gotti
40%
1866-1908Bank robber and the leader of the "Wild Bunch"Butch Cassidy
35%
1897-1962Fortuitous Italian-American mobster and crime bossLucky Luciano
31%
1895-1954Famous for armed robbery with an automatic weaponMachine Gun Kelly
27%
1904-1947Vegas Strip developer, bootlegger, and founder of Murder, Inc.Bugsy Siegel
22%
1904-1934Woody Guthrie wrote a song about this handsome bank robberPretty Boy Floyd
18%

Score Distribution

Percentile by Number Answered

Percent of People with Each Score

Your Score History

You have not taken this quiz since the last reset